中国地级行政区地图,答对一个字就算对,但答错一个字就算错 Prefecture map by 1 character - whammies - Statistics

General Stats
  • This quiz has been taken 105 times
  • The average score is 286 of 391
Answers on the Map
Answers color-coded by a green-red scale on the quiz's map according to % correct below.
 
Answer Stats
行政区 % Correct
德州市
94%
忻州市
94%
荆州市
94%
锦州市
94%
衢州市
94%
湖州市
94%
泉州市
94%
滁州市
94%
沧州市
94%
漳州市
94%
宿州市
94%
杭州市
94%
福州市
94%
亳州市
94%
柳州市
94%
广州市
94%
泰州市
94%
徐州市
94%
抚州市
94%
永州市
94%
赣州市
94%
池州市
94%
梅州市
94%
潮州市
94%
儋州市
94%
泸州市
94%
常州市
94%
达州市
94%
郴州市
94%
郑州市
94%
滨州市
94%
随州市
94%
苏州市
94%
惠州市
94%
钦州市
94%
朔州市
94%
鄂州市
94%
兰州市
94%
温州市
94%
台州市
94%
梧州市
94%
贺州市
94%
扬州市
94%
海东市
93%
海西蒙古族藏族自治州
93%
山南市
93%
黔西南布依族苗族自治州
93%
南阳市
93%
鸡西市
93%
黔东南苗族侗族自治州
93%
乐东黎族自治县
91%
淮南市
91%
定西市
91%
北京市
91%
南京市
91%
黄南藏族自治州
91%
陇南市
91%
丹东市
91%
淮北市
91%
台东县
91%
海南藏族自治州
91%
甘南藏族自治州
91%
南充市
91%
南通市
91%
南平市
91%
海北藏族自治州
91%
北海市
91%
东营市
91%
湘西土家族苗族自治州
91%
西双版纳傣族自治州
91%
渭南市
91%
新北市
91%
北屯市
91%
屏东县
91%
台北市
91%
东方市
91%
黔南布依族苗族自治州
91%
西宁市
91%
南投县
91%
南昌市
91%
台南市
91%
西安市
91%
南宁市
91%
东莞市
91%
济南市
91%
中山市
90%
台中市
89%
大兴安岭地区
89%
安阳市
89%
上海市
87%
阳江市
87%
巴中市
86%
乌海市
86%
汉中市
86%
七台河市
86%
德阳市
84%
辽阳市
84%
贵阳市
84%
海口市
84%
白山市
84%
石嘴山市
84%
兴安盟
84%
洛阳市
84%
双鸭山市
84%
朝阳市
83%
威海市
83%
岳阳市
83%
安庆市
83%
益阳市
83%
襄阳市
83%
阜阳市
83%
平顶山市
83%
绵阳市
83%
咸阳市
83%
保山市
83%
揭阳市
83%
唐山市
83%
佛山市
83%
文山壮族苗族自治州
83%
昌江黎族自治县
83%
衡阳市
83%
凉山彝族自治州
83%
沈阳市
83%
资阳市
83%
乐山市
83%
琼中黎族苗族自治县
83%
吉安市
83%
琼海市
83%
庆阳市
83%
九江市
83%
邵阳市
83%
濮阳市
83%
珠海市
83%
信阳市
83%
石河子市
83%
阳泉市
83%
黑河市
81%
潜江市
81%
双河市
81%
黄山市
81%
阿拉尔市
81%
泰安市
81%
晋中市
81%
六安市
81%
河池市
81%
延安市
81%
五指山市
81%
舟山市
81%
安康市
81%
广安市
81%
内江市
81%
丽江市
81%
湛江市
81%
镇江市
81%
雅安市
81%
定安县
81%
安顺市
81%
江门市
81%
马鞍山市
81%
怒江傈僳族自治州
81%
鞍山市
81%
中卫市
81%
牡丹江市
81%
眉山市
81%
淮安市
81%
红河哈尼族彝族自治州
80%
阿拉善盟
80%
漯河市
80%
胡杨河市
80%
河源市
80%
阿勒泰地区
79%
阿里地区
79%
三门峡市
79%
防城港市
79%
阿坝藏族羌族自治州
79%
阿克苏地区
79%
博尔塔拉蒙古自治州
77%
大连市
77%
齐齐哈尔市
77%
天水市
77%
宁德市
77%
白城市
77%
晋城市
77%
盐城市
77%
塔城地区
76%
大庆市
76%
三明市
76%
运城市
76%
哈尔滨市
76%
聊城市
76%
大理白族自治州
76%
宣城市
76%
大同市
76%
可克达拉市
76%
宁波市
74%
锡林郭勒盟
74%
万宁市
74%
呼伦贝尔市
74%
济宁市
74%
克拉玛依市
74%
吉林市
74%
遂宁市
74%
呼和浩特市
74%
咸宁市
74%
玉林市
74%
云林县
73%
六盘水市
73%
丽水市
73%
烟台市
73%
通辽市
73%
桂林市
73%
青岛市
73%
天门市
73%
三沙市
73%
榆林市
71%
三亚市
71%
乌兰察布市
71%
拉萨市
71%
林芝市
71%
乌鲁木齐市
71%
长春市
71%
衡水市
70%
银川市
70%
伊春市
70%
陵水黎族自治县
70%
张家口市
70%
金昌市
70%
通化市
70%
天津市
70%
邢台市
70%
景德镇市
70%
承德市
69%
常德市
69%
重庆市
69%
临高县
69%
铜川市
69%
迪庆藏族自治州
69%
肇庆市
69%
四平市
67%
和田地区
67%
文昌市
67%
秦皇岛市
67%
昌吉回族自治州
67%
鄂尔多斯市
67%
哈密市
67%
巴彦淖尔市
67%
德宏傣族景颇族自治州
67%
长沙市
66%
包头市
66%
酒泉市
66%
花莲县
66%
白银市
66%
昌都市
66%
攀枝花市
66%
葫芦岛市
66%
巴音郭楞蒙古自治州
66%
长治市
66%
延边朝鲜族自治州
66%
昆明市
64%
宜昌市
64%
克孜勒苏柯尔克孜自治州
64%
武汉市
64%
连云港市
64%
屯昌县
64%
许昌市
64%
平凉市
64%
铁门关市
64%
日喀则市
64%
辽源市
63%
张家界市
63%
汕头市
63%
伊犁哈萨克自治州
63%
嘉峪关市
63%
图木舒克市
63%
那曲市
63%
嘉义市
61%
张掖市
61%
嘉义县
61%
嘉兴市
61%
澎湖县
61%
宜春市
61%
芜湖市
61%
宜兰县
61%
韶关市
61%
金华市
61%
绍兴市
61%
周口市
60%
澳门特别行政区
60%
无锡市
60%
新竹县
60%
白沙黎族自治县
60%
临夏回族自治州
60%
香港特别行政区
60%
昭通市
60%
遵义市
60%
佳木斯市
60%
荆门市
60%
阜新市
60%
松原市
60%
新星市
60%
太原市
60%
高雄市
60%
新竹市
60%
厦门市
60%
石家庄市
60%
赤峰市
60%
临沂市
59%
贵港市
59%
昆玉市
59%
玉树藏族自治州
59%
日照市
59%
临汾市
59%
上饶市
59%
绥化市
59%
怀化市
59%
成都市
59%
保定市
59%
武威市
59%
营口市
59%
临沧市
59%
新余市
59%
新乡市
59%
吐鲁番市
57%
固原市
57%
白杨市
57%
深圳市
57%
鹤岗市
57%
玉溪市
57%
廊坊市
57%
彰化县
57%
商洛市
57%
汕尾市
56%
莆田市
56%
黄石市
56%
甘孜藏族自治州
56%
宝鸡市
56%
十堰市
56%
淄博市
56%
果洛藏族自治州
56%
潍坊市
54%
云浮市
54%
铜陵市
54%
百色市
54%
合肥市
53%
邯郸市
53%
铁岭市
53%
宜宾市
53%
宿迁市
53%
崇左市
51%
恩施土家族苗族自治州
51%
茂名市
51%
济源市
51%
铜仁市
51%
鹤壁市
51%
神农架林区
51%
龙岩市
51%
喀什地区
51%
黄冈市
50%
曲靖市
50%
仙桃市
50%
抚顺市
50%
枣庄市
50%
吴忠市
49%
商丘市
49%
本溪市
49%
广元市
49%
清远市
49%
来宾市
49%
楚雄彝族自治州
49%
保亭黎族苗族自治县
47%
菏泽市
47%
五家渠市
47%
普洱市
47%
桃园市
47%
株洲市
46%
盘锦市
46%
湘潭市
46%
吕梁市
46%
驻马店市
46%
毕节市
46%
自贡市
44%
萍乡市
44%
鹰潭市
41%
孝感市
41%
娄底市
40%
焦作市
40%
蚌埠市
40%
开封市
39%
苗栗县
24%
基隆市
24%
澄迈县
23%
No matching quizzes found
Score Distribution
Percent of People with Each Score
Percentile by Number Answered
Your Score History
You have not taken this quiz